Statistics for Les Miserables Character Quiz

Click here to take the quiz!

General Stats

  • This quiz has been taken 649 times
  • The average score is 10 of 29

Answer Stats

HintAnswer% Correct
Male ProtagonistJean Valjean
98%
The Two LoversCosette
96%
Male AntagonistInspector Javert
96%
The Two LoversMarius Pontmercy
95%
The Mother Who DiesFantine
93%
The Third WheelEponine
90%
The RevolutionariesEnjolras
63%
The RevolutionariesGavroche
47%
The RevolutionariesGrantaire
41%
The Inn OwnersMadame Thenardier
41%
The Inn OwnersMonsieur Thenardier
32%
The RevolutionariesCourfeyrac
28%
The RevolutionariesJoly
26%
The RevolutionariesCombeferre
25%
Workers at the Protagonist's FactoryThe Factory Foreman
24%
The RevolutionariesFeuilly
21%
Gang of CrooksMontparnasse
19%
Gang of CrooksBabet
14%
The RevolutionariesProuvaire
14%
Gang of CrooksBrujon
11%
Gang of CrooksClaquesous
11%
The Protagonist's SaviorBishop of Digne
10%
The RevolutionariesLesgles
10%
Two Unlucky FrenchmenFauchelevent
6%
Shady Characters involved in the Death of the MotherBamatabois
5%
Two Unlucky FrenchmenChampmathieu
2%
Workers at the Protagonist's FactoryFactory Girl (#5)
2%
Shady Characters involved in the Death of the MotherOld Woman
1%
Shady Characters involved in the Death of the MotherThe Locket Crone
1%

Score Distribution

Percentile by Number Answered

Percent of People with Each Score

Your Score History

You have not taken this quiz